打率3割超え経験のある現役選手(2026) - Statistics

General Stats
  • This quiz has been taken 82 times
  • The average score is 28 of 32
Answer Stats
現所属 達成年 選手名 % Correct
阪神 2021年 近本光司
97%
巨人 2009,12,16,18,19年 坂本勇人
97%
DeNA 2021年 牧秀悟
95%
中日 2012,14,17,19,20,22年 大島洋平
95%
巨人 2014,17,18年 丸佳浩
94%
ソフトバンク 2014~18,20,21年 柳田悠岐
94%
ソフトバンク 2015,18~21,23,24年 近藤健介
94%
ソフトバンク 2025年 牧原大成
94%
DeNA 2014~16年 筒香嘉智
92%
DeNA 2017,18,20~23年 宮﨑敏郎
92%
広島 2025年 小園海斗
92%
ソフトバンク 2013~15年 中村晃
92%
西武 2008,10,11年 栗山巧
91%
DeNA 2020~22年 佐野恵太
89%
広島 2015,17~19年 秋山翔吾
89%
ヤクルト 2014~16,18年 山田哲人
89%
広島 2014,16年 菊池涼介
88%
日本ハム 2016,20年 西川遥輝
88%
オリックス 2023年 西川龍馬
88%
楽天 2013,16,18年 浅村栄斗
88%
ヤクルト 2023年 サンタナ
86%
オリックス 2019,21年 森友哉
86%
ロッテ 2012,16年 角中勝也
86%
巨人 2025年 泉口友汰
81%
オリックス 2021年 杉本裕太郎
81%
オリックス 2023年 頓宮裕真
81%
西武 2021年 桑原将志
81%
ロッテ 2018年 ソト
78%
DeNA 2018,19年 ビシエド
77%
巨人 2022年 松本剛
75%
広島 2021年 坂倉将吾
70%
中日 2020年 高橋周平
66%
No matching quizzes found
Score Distribution
Percent of People with Each Score
Percentile by Number Answered
Your Score History
You have not taken this quiz